000 00832nmm a2200265 a 4500
001 ocm000660963
003 TR-IsHL
005 20201028141235.0
008 131226s2006 tu tur
007 cr cn
020 _a9789757594475
035 _a660963
_b(N$T)
050 0 4 _aBP187
_b.K33 2006
090 0 4 _aBP187
_b.K33 2006
100 1 _aKabaklı, Ahmet
245 1 0 _aMabet millet
_h[electronic resource] /
_cAhmet Kabaklı
260 _aİstanbul :
_bTürk Edebiyatı Vakfı Yayınları,
_c2006
300 _a216 p.
650 4 _aSosyoloji
650 4 _aSociology
650 0 _aDin ve devlet ilişkisi
650 0 _aReligion and state relations
650 7 _aRELIGION / Religion, Politics & State
_2bisacsh
856 4 0 _uhttp://search.ebscohost.com/login.aspx?direct=true&scope=site&db=e011xww&AN=660963
999 _c7713
_d7713